| 000 | 00410pab a2200157 454500 | ||
|---|---|---|---|
| 008 | 180718b2001 xxu||||| |||| 00| 0 eng d | ||
| 100 | _aCornford, Tom | ||
| 245 | _aThe Bowman report, access and the recent reforms of the judicial review procedure | ||
| 260 | _c2001 | ||
| 300 | _ap.11-20 | ||
| 362 | _aSpring | ||
| 650 | _aJudiciary | ||
| 700 | _aSunkin, Maurice | ||
| 773 | _aPublic Law | ||
| 909 | _a48794 | ||
| 999 |
_c48794 _d48794 |
||